000 00206nam a22000857a 4500
008 161206b xxu||||| |||| 00| 0 eng d
100 _91819
_aWeir. J
245 _aThe Singing Rabbit
260 _akiev
_bDnipro
_c1982
999 _c4560
_d4560